Food match with country - Statistics

General Stats
  • This quiz has been taken 57 times
  • The average score is 10 of 12
Answer Stats
Hint Answer % Correct
Sushi Japan
96%
Tacos Mexico
94%
Hummus Isreal and lebanon
87%
Pho Vietnam
85%
Currywurst Germany
81%
Goulash Hungary
81%
Pierogi Poland
79%
Kimchi South Korea
79%
Paella Spain
79%
Crosissant Austria
73%
Tom Yum Soup Thailand
71%
Baklava Turkey
69%
No matching quizzes found
Score Distribution
Percent of People with Each Score
Percentile by Number Answered
Your Score History
You have not taken this quiz